[Event "WchT U26 08th"]
[Site "Maringa"]
[Date "1991.09.04"]
[Round "4"]
[White "Burnett, Ronald"]
[Black "Lindstedt, Johan"]
[Result "1/2-1/2"]
[WhiteElo "2325"]
[BlackElo "2345"]
[PlyCount "126"]
[EventDate "1991.09.01"]
[EventType "team-swiss"]
[EventRounds "9"]
[EventCountry "BRA"]
[SourceTitle "EXT 2020"]
[Source "ChessBase"]
[SourceDate "2019.10.17"]
[SourceVersion "1"]
[SourceVersionDate "2019.10.17"]
[SourceQuality "1"]
[WhiteTeam "United States"]
[BlackTeam "Finland"]
[WhiteTeamCountry "USA"]
[BlackTeamCountry "FIN"]

1. e4 e5 2. Nf3 Nc6 3. Bb5 a6 4. Ba4 Nf6 5. 0-0 Nxe4 6. d4 Be7 7. Qe2 f5 8. dxe5 0-0 9. Bb3+ Kh8 10. Bd5 d6 11. Bxc6 bxc6 12. Nd4 dxe5 13. Nxc6 Qd6 14. Nxe7 Qxe7 15. f3 Nf6 16. b3 Re8 17. Ba3 Qf7 18. Nc3 Bb7 19. Rae1 Qg6 20. Qf2 Nh5 21. Kh1 f4 22. Qh4 Re6 23. Rd1 Qe8 24. Rfe1 Ng3+ 25. Kg1 Nf5 26. Qf2 Ne3 27. Rxe3 fxe3 28. Qxe3 Rd8 29. Re1 Qg6 30. Re2 e4 31. f4 Qf5 32. Qc5 Qxf4 33. Rf2 Qd6 34. Qxd6 cxd6 35. Rf7 Bc6 36. Ne2 Kg8 37. Rc7 Ba8 38. Bb2 Rg6 39. Nf4 Rg4 40. Ne6 Rb8 41. h3 Rg6 42. Nf4 Rg3 43. Kh2 Rg5 44. Ne6 Rg6 45. Nf4 Rg5 46. h4 Rg4 47. g3 e3 48. Re7 Rc8 49. c4 Kf8 50. Rxe3 Re8 51. Bc1 Rxe3 52. Bxe3 Kf7 53. Bc1 h6 54. Ba3 g5 55. hxg5 hxg5 56. Ne2 Re4 57. Ng1 Rd4 58. Nh3 g4 59. Nf2 Bf3 60. Bc1 Ke6 61. Be3 Ke5 62. Kg1 Be2 63. Bh6 Ke6 1/2-1/2